000 00398 a2200169 4500
001 71228
020 _a
040 _cAnchieta - Colégio São Paulo
100 _aMelo Junior, Maurício
240 1 0 _aO palhaço que perdeu o riso
_lpor
245 1 0 _aO palhaço que perdeu o riso
300 _a57
362 0 _a1993
440 1 _aBagaço
650 4 _aLiteratura infanto-juvenil
942 _cBK
999 _c71228
_d71228